00446nmm a2200157Ia 4500008004100000020001800041041000800059100001700067245002100084264008000105300001600185650001200201856005100213942000700264999001700271251105s9999||||xx |||||||||||||||||und|| a9788467154467 apor aJames, Julia 0aVingança cruel a[Madrid, España] :bHarlequin, c[Fecha de publicación no identificada] a0 páginas aRomance uhttps://public.digitaliapublishing.com/a/95698 cCF c83427d83427